Propuesta para la reorganización del sistema aduanero Centroamericano
Anteproyecto para lograr la reorganizaión del sistema aduanero centroamericano. Presenta la estructura y funciones que debería tener cada dirección general de aduanas y la orientación que se le debe dar a la reorganización de las administraciones de aduanas de cada país. Informa sobre las bases lega...
Guardado en:
| Institution som forfatter: | |
|---|---|
| Format: | Texto |
| Udgivet: |
San José:
ICAP
|
| Fag: | |
| Tags: |
Tilføj Tag
Ingen Tags, Vær først til at tagge denne postø!
|
MARC
| LEADER | 00000 a a2200000 04500 | ||
|---|---|---|---|
| 001 | 19906 | ||
| 003 | |||
| 040 | |||
| 090 | |a 080900 | ||
| 110 | |a ICAP | ||
| 245 | |a Propuesta para la reorganización del sistema aduanero Centroamericano | ||
| 260 | |a San José: |b ICAP | ||
| 300 | |a 60 p. | ||
| 520 | |a Anteproyecto para lograr la reorganizaión del sistema aduanero centroamericano. Presenta la estructura y funciones que debería tener cada dirección general de aduanas y la orientación que se le debe dar a la reorganización de las administraciones de aduanas de cada país. Informa sobre las bases legales de la organización actual y su estructura./ACM | ||
| 650 | |a POLITICA ADUANERA | ||
| 650 | |a MCCA | ||
| 650 | |a REFORMAS ARANCELARIAS | ||
| 650 | |a PUB. ICAP | ||
| 999 | |c 14301 |d 14301 | ||
